000 00273nam a2200109Ia 4500
008 190914s9999||||xx |||||||||||||| ||und||
100 _aMoin-u-ddin Aqeel
245 0 _aIntikhab-e-Kalam Hasrat Mohani
260 _aUnited Kingdom
_bOxford
_c2002
300 _a112
942 _cBK
999 _c9683
_d9683